[Event "Titled Tuesday intern op 23rd Apr Late"]
[Site "Chess.com INT"]
[Date "2024.04.23"]
[Round "6"]
[White "Corrales Jimenez, Fidel"]
[Black "Ismayil, Malak"]
[Result "1-0"]
[WhiteElo "2545"]
[BlackElo "2165"]
[PlyCount "49"]
[EventDate "2024.04.23"]
[EventType "swiss (blitz)"]
[EventRounds "11"]
[EventCountry "USA"]
[SourceTitle "CB18_2024"]
[SourceDate "2024.05.01"]
[SourceVersion "1"]
[SourceVersionDate "2024.05.01"]
[SourceQuality "2"]

1. e4 e5 2. f4 d5 3. exd5 Qxd5 4. Nc3 Qe6 5. fxe5 Qxe5+ 6. Be2 Bg4 7. d4 Qe6 8. Bf4 Bb4 9. Qd3 Nf6 10. 0-0-0 Bxc3 11. bxc3 0-0 12. d5 Qb6 13. Nf3 Nbd7 14. Qb5 Rfe8 15. Rhe1 Qf2 16. Bxc7 Rac8 17. d6 Qxg2 18. Qxb7 Nc5 19. Qc6 Rxe2 20. Nd4 Rxc2+ 21. Kb1 Rb2+ 22. Kc1 Qxh2 23. d7 Bxd7 24. Qxc5 Rxa2 25. Bxh2 1-0

[Event "Titled Tuesday intern op 23rd Apr Late"]
[Site "Chess.com INT"]
[Date "2024.04.23"]
[Round "4"]
[White "Ismayil, Malak"]
[Black "Pakleza, Zbigniew"]
[Result "0-1"]
[WhiteElo "2165"]
[BlackElo "2489"]
[PlyCount "112"]
[EventDate "2024.04.23"]
[EventType "swiss (blitz)"]
[EventRounds "11"]
[EventCountry "USA"]
[SourceTitle "CB18_2024"]
[SourceDate "2024.05.01"]
[SourceVersion "1"]
[SourceVersionDate "2024.05.01"]
[SourceQuality "2"]

1. e4 d6 2. d4 Nf6 3. Nc3 c6 4. Be3 Qb6 5. Qd2 Qxb2 6. Rb1 Qa3 7. Bc4 e6 8. Nge2 d5 9. Bd3 Be7 10. 0-0 dxe4 11. Nxe4 Nxe4 12. Bxe4 Nd7 13. c4 Nf6 14. Bd3 Qd6 15. Bf4 Qd7 16. Qc2 b6 17. c5 b5 18. Rfd1 h6 19. Nc3 0-0 20. Be5 Rd8 21. h3 a5 22. Qe2 b4 23. Ne4 Ne8 24. Ng3 f6 25. Bf4 Nc7 26. Qe4 f5 27. Qe3 Nd5 28. Qd2 Ba6 29. Bxa6 Rxa6 30. Be5 Nc3 31. Qd3 Raa8 32. Rbc1 Nxd1 33. Rxd1 Qd5 34. Ne2 Qxa2 35. Nf4 b3 36. Qc3 Qc2 37. Qf3 b2 38. Nxe6 b1Q 39. Rxb1 Qxb1+ 40. Kh2 Qe4 41. Qg3 g5 42. h4 f4 43. Qg4 Qg6 44. h5 Qf7 45. Nxf4 Bf6 46. Ng6 Bxe5+ 47. dxe5 Re8 48. e6 Rxe6 49. Qd4 Rae8 50. f3 Qg7 51. Qc4 a4 52. Qxa4 Rxg6 53. hxg6 Qxg6 54. Qc4+ Qe6 55. Qd4 Qe5+ 56. Qxe5 Rxe5 0-1

[Event "Titled Tuesday intern op 23rd Apr Late"]
[Site "Chess.com INT"]
[Date "2024.04.23"]
[Round "5"]
[White "Ismayil, Malak"]
[Black "Senft, Sean"]
[Result "1-0"]
[WhiteElo "2165"]
[BlackElo "2054"]
[PlyCount "162"]
[EventDate "2024.04.23"]
[EventType "swiss (blitz)"]
[EventRounds "11"]
[EventCountry "USA"]
[SourceTitle "CB18_2024"]
[SourceDate "2024.05.01"]
[SourceVersion "1"]
[SourceVersionDate "2024.05.01"]
[SourceQuality "2"]

1. e4 c5 2. Nf3 d6 3. Bb5+ Bd7 4. Bxd7+ Nxd7 5. 0-0 Ngf6 6. Re1 e6 7. d4 cxd4 8. Nxd4 Be7 9. c4 0-0 10. b3 Rc8 11. Bb2 Qc7 12. Nc3 a6 13. Rc1 Rfd8 14. Qd2 Nf8 15. h3 Qb8 16. f4 h6 17. f5 d5 18. exd5 Bc5 19. fxe6 Nxe6 20. Rxe6 fxe6 21. b4 Bxd4+ 22. Qxd4 exd5 23. Nxd5 Rxd5 24. cxd5 Rxc1+ 25. Bxc1 Qd6 26. Bb2 Qxd5 27. a3 Qxd4+ 28. Bxd4 Ne4 29. Kf1 Kf7 30. Ke2 g6 31. Kd3 Nd6 32. g4 Ke6 33. a4 Kd5 34. Be3 h5 35. Bf4 Ne4 36. gxh5 gxh5 37. Be3 Nd6 38. Bc5 Nc4 39. Kc3 Ne5 40. Bf2 Ke4 41. b5 axb5 42. axb5 Kd5 43. Bg3 Nf3 44. Kb4 Ng5 45. h4 Ne4 46. Bf4 Nc5 47. Ka5 Nd7 48. Be3 Kc4 49. Bf2 Kd5 50. Bg1 Kd6 51. Bh2+ Ke6 52. Bf4 Kf5 53. Bg5 Kg4 54. Bd8 Kf5 55. Be7 Ke6 56. Bg5 Kd5 57. Be7 Ke6 58. Bg5 Kf7 59. Bf4 Ke8 60. Kb4 Ke7 61. Kc4 Ke6 62. Bg5 Ne5+ 63. Kc5 Nd7+ 64. Kc4 b6 65. Be3 Kd6 66. Bf4+ Ke6 67. Kd4 Nf6 68. Bc7 Nd5 69. Bd8 Kd6 70. Bg5 Ke6 71. Bd8 Kd6 72. Bg5 Ke6 73. Bd2 Kd6 74. Bc1 Ne7 75. Ba3+ Kd7 76. Bxe7 Kxe7 77. Ke5 Kd7 78. Kd5 Ke7 79. Kc6 Ke6 80. Kxb6 Kf5 81. Ka7 Kg4 1-0

[Event "Swiss Queens Wed #9"]
[Site "FIDE Online Arena INT"]
[Date "2024.03.27"]
[Round "7"]
[White "Ismayil, Malak"]
[Black "Bashirli, Saadat"]
[Result "0-1"]
[WhiteElo "2200"]
[BlackElo "1803"]
[PlyCount "84"]
[EventDate "2024.03.27"]
[EventType "swiss (blitz)"]
[EventRounds "11"]
[EventCountry "NET"]
[SourceTitle "CB14_2024"]
[SourceDate "2024.04.01"]
[SourceVersion "1"]
[SourceVersionDate "2024.04.01"]
[SourceQuality "1"]

1. e4 c5 2. Nf3 Nc6 3. Bb5 d6 4. 0-0 Bd7 5. c3 Nf6 6. Re1 a6 7. Bf1 Bg4 8. h3 Bxf3 9. Qxf3 e5 10. d3 Be7 11. Bg5 0-0 12. Nd2 Nxe4 13. dxe4 Bxg5 14. Nc4 b5 15. Na3 Qe7 16. Rad1 Rab8 17. Rd5 Rfd8 18. Red1 Qe6 19. Qd3 Be7 20. Nc2 Bf8 21. Ne3 a5 22. Qd2 g6 23. a4 bxa4 24. Nc4 Rb7 25. Be2 h5 26. g4 Rbd7 27. gxh5 Qxh3 28. Rd3 Qe6 29. Rg3 Ne7 30. Ne3 Qf6 31. Kg2 Qf4 32. Rg4 Qh6 33. Rh1 g5 34. Bc4 Kg7 35. Nf5+ Nxf5 36. Rxg5+ Kh7 37. exf5 f6 38. Bg8+ Kh8 39. f4 fxg5 40. fxg5 Rg7 41. g6 Qxd2+ 42. Kf3 Qh6 0-1

[Event "Swiss Queens Wed #9"]
[Site "FIDE Online Arena INT"]
[Date "2024.03.27"]
[Round "9"]
[White "Ismayil, Malak"]
[Black "Jimenez Salas, Maria Teresa"]
[Result "1-0"]
[WhiteElo "2200"]
[BlackElo "1939"]
[PlyCount "79"]
[EventDate "2024.03.27"]
[EventType "swiss (blitz)"]
[EventRounds "11"]
[EventCountry "NET"]
[SourceTitle "CB14_2024"]
[SourceDate "2024.04.01"]
[SourceVersion "1"]
[SourceVersionDate "2024.04.01"]
[SourceQuality "1"]

1. e4 c5 2. Nf3 Nc6 3. Bb5 e6 4. 0-0 Nge7 5. c3 a6 6. Bxc6 Nxc6 7. d4 cxd4 8. Nxd4 Be7 9. Be3 0-0 10. Nd2 d5 11. Qe2 dxe4 12. Nxe4 Qc7 13. Rad1 b5 14. Qh5 Bb7 15. Ng5 h6 16. Ngf3 Nxd4 17. Bxd4 Bxf3 18. Qxf3 e5 19. Qg3 Bf6 20. Rfe1 Rfe8 21. Be3 Kh8 22. h3 Qc4 23. a3 Rad8 24. Qf3 e4 25. Qh5 Kg8 26. Qg4 Rxd1 27. Rxd1 Qe6 28. Qe2 Be5 29. Qd2 Bb8 30. Qd5 Qf6 31. Qd7 Rf8 32. Qd5 Re8 33. Rd2 Kh7 34. Qb7 Qe5 35. g3 Qe6 36. Rd7 Be5 37. Qxe4+ g6 38. Qd5 Qxd5 39. Rxd5 Bxg3 40. Rd7 1-0

[Event "Swiss Queens Wed #9"]
[Site "FIDE Online Arena INT"]
[Date "2024.03.27"]
[Round "3"]
[White "Ismayil, Malak"]
[Black "Meghna, CH."]
[Result "1-0"]
[WhiteElo "2200"]
[BlackElo "1995"]
[PlyCount "107"]
[EventDate "2024.03.27"]
[EventType "swiss (blitz)"]
[EventRounds "11"]
[EventCountry "NET"]
[SourceTitle "CB14_2024"]
[SourceDate "2024.04.01"]
[SourceVersion "1"]
[SourceVersionDate "2024.04.01"]
[SourceQuality "1"]

1. e4 Nc6 2. Nf3 Nf6 3. Nc3 d5 4. e5 Ne4 5. d4 Bg4 6. Bb5 e6 7. 0-0 Be7 8. Qd3 Bf5 9. Qe3 0-0 10. Bxc6 bxc6 11. Nxe4 Bxe4 12. Nd2 Bg6 13. c3 Rb8 14. b4 Qc8 15. f4 f6 16. Re1 fxe5 17. Qxe5 Bd6 18. Qxe6+ Qxe6 19. Rxe6 Rxf4 20. Nf3 Rff8 21. Bd2 Bf5 22. Ree1 Rbe8 23. Be3 Re7 24. Bg5 Re4 25. Nd2 Ree8 26. Be3 h6 27. Nb3 Re7 28. Nc5 Rfe8 29. Bf2 Bf4 30. Rxe7 Rxe7 31. Re1 Kf7 32. Rxe7+ Kxe7 33. Be1 Kd6 34. g3 Bc1 35. a4 h5 36. Kf2 g6 37. Ke2 Bg5 38. Bd2 Bf6 39. Bf4+ Ke7 40. Bxc7 Bc2 41. a5 Bf5 42. Be5 Bg5 43. Bf4 Bf6 44. Ke3 h4 45. Be5 Bg5+ 46. Bf4 Bf6 47. Kf3 hxg3 48. hxg3 Bg7 49. g4 Bc8 50. Bg5+ Kd6 51. Nd3 Kc7 52. Bf4+ Kb7 53. Be5 Bh6 54. Nc5+ 1-0

[Event "Swiss Queens Wed #9"]
[Site "FIDE Online Arena INT"]
[Date "2024.03.27"]
[Round "6"]
[White "Padmini, Rout"]
[Black "Ismayil, Malak"]
[Result "1/2-1/2"]
[WhiteElo "2353"]
[BlackElo "2200"]
[PlyCount "160"]
[EventDate "2024.03.27"]
[EventType "swiss (blitz)"]
[EventRounds "11"]
[EventCountry "NET"]
[SourceTitle "CB14_2024"]
[SourceDate "2024.04.01"]
[SourceVersion "1"]
[SourceVersionDate "2024.04.01"]
[SourceQuality "1"]

1. e4 e5 2. Nf3 Nc6 3. Bc4 Bc5 4. 0-0 Nf6 5. d3 0-0 6. Re1 h6 7. Nc3 d6 8. Ne2 Ng4 9. Rf1 Be6 10. Ng3 Qd7 11. c3 Bxc4 12. dxc4 Nf6 13. b4 Bb6 14. a4 a6 15. Ba3 Qe6 16. Qd3 Ne7 17. Rad1 Ng6 18. Rfe1 Nf4 19. Qf1 Rfd8 20. Bc1 Ng4 21. Rd2 Qg6 22. Rc2 h5 23. Bxf4 exf4 24. Nf5 Re8 25. h3 Ne5 26. Nxe5 Rxe5 27. Kh2 Rae8 28. Rce2 Qe6 29. Nd4 Qxc4 30. Nf3 R5e7 31. e5 d5 32. Rc2 Qxf1 33. Rxf1 c6 34. h4 Bc7 35. c4 dxc4 36. Rxc4 Bxe5 37. Nxe5 Rxe5 38. Rxf4 Re4 39. Kg3 Rxf4 40. Kxf4 Rd8 41. Re1 Rd4+ 42. Kg5 Rxb4 43. Re8+ Kh7 44. Kxh5 Rxa4 45. Re7 f6 46. Rxb7 Rf4 47. g4 Rxf2 48. g5 fxg5 49. hxg5 Rh2+ 50. Kg4 Kg6 51. Rb6 Rg2+ 52. Kf3 Rxg5 53. Rxc6+ Kh5 54. Rxa6 g6 55. Ra8 Rg1 56. Rh8+ Kg5 57. Kf2 Rg4 58. Kf3 Rf4+ 59. Kg3 Ra4 60. Rb8 Ra3+ 61. Kg2 Kg4 62. Rb4+ Kh5 63. Rb5+ g5 64. Rb4 g4 65. Rc4 Kh4 66. Rb4 Ra2+ 67. Kg1 Kg3 68. Rb3+ Kh4 69. Rc3 g3 70. Rc8 Kh3 71. Rh8+ Kg4 72. Rg8+ Kf3 73. Rf8+ Ke4 74. Re8+ Kf5 75. Rf8+ Kg5 76. Rg8+ Kf4 77. Rf8+ Ke3 78. Rg8 Kf3 79. Rf8+ Kg4 80. Rg8+ Kf3 1/2-1/2

[Event "Swiss Queens Wed #8"]
[Site "FIDE Online Arena INT"]
[Date "2024.03.20"]
[Round "5"]
[White "Goltseva, Ekaterina"]
[Black "Ismayil, Malak"]
[Result "1-0"]
[WhiteElo "2286"]
[BlackElo "2200"]
[PlyCount "101"]
[EventDate "2024.03.20"]
[EventType "swiss (blitz)"]
[EventRounds "11"]
[EventCountry "NET"]
[SourceTitle "CB13_2024"]
[SourceDate "2024.03.27"]
[SourceVersion "1"]
[SourceVersionDate "2024.03.27"]
[SourceQuality "1"]

1. d4 d5 2. c4 e6 3. Nf3 Nf6 4. Nc3 Bb4 5. g3 0-0 6. Bg2 dxc4 7. 0-0 c5 8. dxc5 Bxc5 9. Qxd8 Rxd8 10. Ne5 Nbd7 11. Rd1 Re8 12. Nxc4 Nb6 13. Nd6 Bxd6 14. Rxd6 e5 15. Nb5 Bg4 16. Bxb7 Rad8 17. f3 Bh3 18. Bg5 Rxd6 19. Nxd6 Rd8 20. Ne4 Rb8 21. Bc6 Nxe4 22. Bxe4 f6 23. Be3 Be6 24. b3 Rd8 25. Rc1 f5 26. Bd3 Nd5 27. Bf2 Rd7 28. Bb5 Re7 29. Bc4 Rd7 30. Rd1 Kf7 31. e4 Nf6 32. Rxd7+ Nxd7 33. exf5 Bxc4 34. bxc4 a6 35. Kf1 Ke7 36. Ke2 Kd6 37. Kd3 Nf6 38. g4 Kc6 39. Bg3 Kd6 40. h4 h6 41. Ke3 Kc6 42. g5 Ne8 43. Bxe5 hxg5 44. hxg5 Kc5 45. Ke4 a5 46. f6 gxf6 47. gxf6 Nxf6+ 48. Bxf6 Kxc4 49. Be7 Kc3 50. a3 a4 51. f4 1-0

[Event "Swiss Queens Wed #8"]
[Site "FIDE Online Arena INT"]
[Date "2024.03.20"]
[Round "2"]
[White "Ismayil, Malak"]
[Black "Cori Tello, Deysi Estella"]
[Result "0-1"]
[WhiteElo "2200"]
[BlackElo "2389"]
[PlyCount "104"]
[EventDate "2024.03.20"]
[EventType "swiss (blitz)"]
[EventRounds "11"]
[EventCountry "NET"]
[SourceTitle "CB13_2024"]
[SourceDate "2024.03.27"]
[SourceVersion "1"]
[SourceVersionDate "2024.03.27"]
[SourceQuality "1"]

1. e4 e6 2. d4 d5 3. Nd2 Ne7 4. Bd3 a6 5. Ne2 g6 6. 0-0 Bg7 7. c3 dxe4 8. Nxe4 h6 9. Be3 Nf5 10. Nc5 Nxe3 11. fxe3 Qg5 12. Qd2 0-0 13. Ne4 Qe7 14. N2g3 e5 15. Rae1 Be6 16. Nc5 Bc8 17. Bc4 Nd7 18. Nxd7 Bxd7 19. Qf2 Bc6 20. d5 Bd7 21. e4 a5 22. a3 b5 23. Bb3 Ra6 24. Qe3 Kh7 25. Rf3 h5 26. Ref1 Bh6 27. Qd3 Rd6 28. Qc2 Kg7 29. Ba2 h4 30. Ne2 Bg4 31. h3 Bxf3 32. Rxf3 Rf6 33. Qd3 Qc5+ 34. Kh2 Rxf3 35. Qxf3 Qe3 36. Qg4 Bf4+ 37. Nxf4 Qxf4+ 38. Qxf4 exf4 39. Kg1 Re8 40. Bb1 Kf6 41. Kf2 Ke5 42. Kf3 b4 43. cxb4 axb4 44. a4 b3 45. Bd3 Ra8 46. Bb5 g5 47. Bc6 Ra5 48. Kg4 f6 49. Kf3 Rc5 50. Bb5 Rc2 51. a5 Rxb2 52. Bc4 Ra2 0-1

[Event "Swiss Queens Wed #8"]
[Site "FIDE Online Arena INT"]
[Date "2024.03.20"]
[Round "6"]
[White "Ismayil, Malak"]
[Black "Kanyamarala, Trisha"]
[Result "0-1"]
[WhiteElo "2200"]
[BlackElo "2294"]
[PlyCount "80"]
[EventDate "2024.03.20"]
[EventType "swiss (blitz)"]
[EventRounds "11"]
[EventCountry "NET"]
[SourceTitle "CB13_2024"]
[SourceDate "2024.03.27"]
[SourceVersion "1"]
[SourceVersionDate "2024.03.27"]
[SourceQuality "1"]

1. e4 c5 2. Nf3 d6 3. Bb5+ Bd7 4. Bxd7+ Qxd7 5. 0-0 Nc6 6. c4 Nf6 7. Nc3 e5 8. a3 Be7 9. Rb1 a5 10. Nd5 Nxd5 11. cxd5 Nd4 12. Nxd4 cxd4 13. d3 0-0 14. f4 f5 15. fxe5 dxe5 16. Qb3 a4 17. Qa2 Kh8 18. Bd2 Qb5 19. Rfd1 fxe4 20. dxe4 Qe2 21. d6 Bxd6 22. Qe6 Rad8 23. Bg5 Rfe8 24. Qh3 Rc8 25. Re1 Qb5 26. Rbc1 Rxc1 27. Rxc1 Bc5 28. Kh1 b6 29. Qh5 Rf8 30. h3 Qxb2 31. Rd1 Qxa3 32. Bc1 Qb3 33. Re1 d3 34. Qxe5 Bb4 35. Rg1 d2 36. Bxd2 Bxd2 37. Qd6 Bb4 38. Qxb6 a3 39. Qa6 a2 40. e5 Qb1 0-1

[Event "Swiss Queens Wed #8"]
[Site "FIDE Online Arena INT"]
[Date "2024.03.20"]
[Round "10"]
[White "Ismayil, Malak"]
[Black "Papp, Petra"]
[Result "1-0"]
[WhiteElo "2200"]
[BlackElo "2267"]
[PlyCount "107"]
[EventDate "2024.03.20"]
[EventType "swiss (blitz)"]
[EventRounds "11"]
[EventCountry "NET"]
[SourceTitle "CB13_2024"]
[SourceDate "2024.03.27"]
[SourceVersion "1"]
[SourceVersionDate "2024.03.27"]
[SourceQuality "1"]

1. e4 c6 2. d4 d5 3. Nc3 dxe4 4. Nxe4 Bf5 5. Ng3 Bg6 6. h4 h6 7. h5 Bh7 8. Nf3 e6 9. Bd3 Bxd3 10. Qxd3 Nf6 11. Bd2 Be7 12. 0-0-0 0-0 13. Ne4 Nxe4 14. Qxe4 Qd5 15. Qxd5 cxd5 16. c3 Nc6 17. Bf4 b5 18. Kd2 a5 19. g4 f6 20. Bg3 Rac8 21. Rhe1 Kf7 22. Re3 Rfe8 23. Rde1 Bf8 24. Nh4 a4 25. a3 Na5 26. Kc2 Nc4 27. R3e2 Bd6 28. Bxd6 Nxd6 29. Ng6 Ne4 30. f3 Ng5 31. Re3 Rc6 32. Nf4 Rec8 33. Nd3 R8c7 34. Nf2 Rd6 35. f4 Nh7 36. Nd3 Nf8 37. Nc5 Rdc6 38. Nd3 Rd6 39. f5 exf5 40. gxf5 Rdd7 41. Nf4 Re7 42. Nxd5 Rxe3 43. Rxe3 Rd7 44. Nf4 Nh7 45. Ne6 Ng5 46. Kd3 Rd6 47. Nf4 Rd7 48. d5 Re7 49. Ne6 Ke8 50. Nxg7+ Kf7 51. Ne6 Rd7 52. Kd4 Nh7 53. Nc5 Rc7 54. d6 1-0

[Event "Swiss Queens Wed #7"]
[Site "FIDE Online Arena INT"]
[Date "2024.03.13"]
[Round "2"]
[White "Buksa, Nataliya"]
[Black "Ismayil, Malak"]
[Result "0-1"]
[WhiteElo "2388"]
[BlackElo "2200"]
[PlyCount "114"]
[EventDate "2024.03.13"]
[EventType "swiss (blitz)"]
[EventRounds "11"]
[EventCountry "NET"]
[SourceTitle "CB12_2024"]
[SourceDate "2023.10.01"]
[SourceVersion "1"]
[SourceVersionDate "2023.10.01"]
[SourceQuality "1"]

1. d4 d5 2. Nc3 e6 3. Bf4 Nf6 4. Nb5 Na6 5. e3 c6 6. Nc3 Bb4 7. Bd3 0-0 8. Bxa6 bxa6 9. Nge2 a5 10. 0-0 Ba6 11. Re1 Bxe2 12. Rxe2 Bxc3 13. bxc3 c5 14. Be5 Ne4 15. dxc5 f6 16. f3 Nxc5 17. Bd4 Na4 18. Qd3 Rc8 19. e4 e5 20. Bxa7 Nxc3 21. Rd2 d4 22. Qa6 Ra8 23. Qe6+ Kh8 24. Bc5 Re8 25. Qf7 Qc8 26. Ba3 Rb8 27. Rf1 a4 28. Rd3 Rb7 29. Qh5 Ne2+ 30. Kh1 Nf4 31. Qh4 Nxd3 32. cxd3 Qc2 33. Qh5 Rc8 34. h3 Qxd3 35. Rg1 Qxa3 36. f4 Qe7 37. Qf5 Rcb8 38. Kh2 g6 39. Qg4 Rb1 40. Rxb1 Rxb1 41. Qc8+ Kg7 42. f5 d3 43. Qc3 Qd7 44. Qd2 a3 45. fxg6 hxg6 46. h4 Rb2 47. Qd1 d2 48. h5 g5 49. h6+ Kxh6 50. Kg3 Qd3+ 51. Kh2 Qxe4 52. Qf1 Qf4+ 53. Kh3 Qxf1 54. Kg3 Qxg2+ 55. Kxg2 d1Q+ 56. Kg3 Qd3+ 57. Kg4 f5# 0-1

[Event "Swiss Queens Wed #7"]
[Site "FIDE Online Arena INT"]
[Date "2024.03.13"]
[Round "4"]
[White "Goltseva, Ekaterina"]
[Black "Ismayil, Malak"]
[Result "1/2-1/2"]
[WhiteElo "2286"]
[BlackElo "2200"]
[PlyCount "204"]
[EventDate "2024.03.13"]
[EventType "swiss (blitz)"]
[EventRounds "11"]
[EventCountry "NET"]
[SourceTitle "CB12_2024"]
[SourceDate "2023.10.01"]
[SourceVersion "1"]
[SourceVersionDate "2023.10.01"]
[SourceQuality "1"]

1. d4 d5 2. c4 e6 3. Nf3 Nf6 4. Nc3 Bb4 5. g3 0-0 6. Bg2 c5 7. dxc5 dxc4 8. 0-0 Bxc3 9. bxc3 Ne4 10. Qd4 Qxd4 11. cxd4 Nc6 12. e3 Bd7 13. Nd2 Nxd2 14. Bxd2 b5 15. cxb6 axb6 16. Rfb1 Rab8 17. a4 Na5 18. Bf1 Nb3 19. Ra2 Nxd2 20. Rxd2 Bxa4 21. Bxc4 Rfc8 22. Bd3 Rc3 23. Be4 f5 24. Bf3 Rc2 25. Rxc2 Bxc2 26. Rb2 Bd3 27. Be2 Bxe2 28. Rxe2 Kf7 29. f3 Ke7 30. Rb2 b5 31. Kf2 Kd6 32. e4 fxe4 33. fxe4 Kc6 34. Ke3 Ra8 35. Kf4 Ra5 36. Ke5 Kd7 37. Rf2 b4+ 38. d5 Ke7 39. Rc2 Kd7 40. Rc6 exd5 41. exd5 Rb5 42. Rc2 b3 43. Rb2 Ke7 44. g4 Rb4 45. g5 Kd7 46. h4 Rb5 47. Kd4 Kd6 48. Kc4 Rc5+ 49. Kb4 Rc7 50. Ka5 Rb7 51. Ka6 Rb4 52. Ka5 Rb8 53. Ka4 Kxd5 54. Ka3 Ke5 55. Re2+ Kf5 56. Kb2 Kg4 57. Re7 Rg8 58. Re4+ Kf5 59. Rc4 Rb8 60. Rc7 Kg6 61. Rd7 Rb4 62. Rd6+ Kh5 63. Rd7 Kg6 64. Rd6+ Kf5 65. Rd7 Rxh4 66. Rxg7 Rh3 67. Ka3 Ke4 68. Kb2 Kd4 69. Rd7+ Kc4 70. Rc7+ Kd5 71. Rd7+ Ke6 72. Ra7 Kf5 73. Rg7 Rh5 74. Kxb3 Kg4 75. Kc3 Kf5 76. Kd3 Rh3+ 77. Ke2 Rh4 78. Kf3 Rh3+ 79. Kg2 Rh5 80. Kg3 Rh1 81. Kg2 Rh5 82. Kf3 Rh4 83. Kg3 Rg4+ 84. Kf3 Rxg5 85. Rxh7 Rg6 86. Rh3 Ra6 87. Rg3 Ra3+ 88. Kg2 Ra2+ 89. Kh3 Kf4 90. Rg4+ Kf3 91. Rg8 Ra1 92. Rf8+ Ke4 93. Re8+ Kf5 94. Rf8+ Kg6 95. Rg8+ Kh5 96. Rg3 Ra4 97. Kg2 Ra2+ 98. Kh3 Ra1 99. Kg2 Ra4 100. Kh3 Rh4+ 101. Kg2 Rg4 102. Rxg4 Kxg4 1/2-1/2

[Event "Swiss Queens Wed #7"]
[Site "FIDE Online Arena INT"]
[Date "2024.03.13"]
[Round "11"]
[White "Ismayil, Malak"]
[Black "Ambartsumova, Karina"]
[Result "1-0"]
[WhiteElo "2200"]
[BlackElo "2418"]
[PlyCount "113"]
[EventDate "2024.03.13"]
[EventType "swiss (blitz)"]
[EventRounds "11"]
[EventCountry "NET"]
[SourceTitle "CB12_2024"]
[SourceDate "2023.10.01"]
[SourceVersion "1"]
[SourceVersionDate "2023.10.01"]
[SourceQuality "1"]

1. e4 e5 2. Nf3 Nc6 3. Bc4 Nf6 4. d3 h6 5. Nc3 d6 6. h3 g5 7. Be3 Bg7 8. Qd2 Be6 9. 0-0-0 d5 10. exd5 Nxd5 11. Nxd5 Bxd5 12. Rhe1 0-0 13. h4 Bxc4 14. dxc4 Qxd2+ 15. Rxd2 g4 16. Nh2 f5 17. Rd7 Rf7 18. Red1 Raf8 19. Bc5 Rxd7 20. Rxd7 Rf7 21. Rd5 h5 22. Nf1 b6 23. Ba3 Bf6 24. g3 Nd4 25. c3 Ne6 26. Ne3 Bg7 27. Nf1 Kh7 28. Nd2 Kg6 29. c5 f4 30. cxb6 axb6 31. Nc4 fxg3 32. fxg3 Rf3 33. Nxe5+ Bxe5 34. Rxe5 Ng7 35. Re7 Rxg3 36. Rxc7 Rg1+ 37. Kc2 g3 38. Rc6+ Kf5 39. Bd6 g2 40. Bh2 Rf1 41. Rxb6 g1Q 42. Bxg1 Rxg1 43. a4 Rg2+ 44. Kb3 Ne6 45. a5 Rg4 46. Rb5+ Kg6 47. a6 Nc7 48. Rb6+ Kf5 49. a7 Rxh4 50. Rb7 Na8 51. Rb8 Nc7 52. Rc8 Rh1 53. Rxc7 Ra1 54. Kc4 h4 55. b4 h3 56. b5 h2 57. Rh7 1-0

[Event "Swiss Queens Wed #7"]
[Site "FIDE Online Arena INT"]
[Date "2024.03.13"]
[Round "3"]
[White "Ismayil, Malak"]
[Black "Gunina, Valentina"]
[Result "0-1"]
[WhiteElo "2200"]
[BlackElo "2437"]
[PlyCount "142"]
[EventDate "2024.03.13"]
[EventType "swiss (blitz)"]
[EventRounds "11"]
[EventCountry "NET"]
[SourceTitle "CB12_2024"]
[SourceDate "2023.10.01"]
[SourceVersion "1"]
[SourceVersionDate "2023.10.01"]
[SourceQuality "1"]

1. e4 c6 2. d4 d5 3. Nc3 dxe4 4. Nxe4 Nf6 5. Nxf6+ exf6 6. c3 Bd6 7. Bd3 0-0 8. Ne2 c5 9. Qc2 g6 10. 0-0 Nc6 11. Be3 cxd4 12. Nxd4 Nxd4 13. Bxd4 Be5 14. Be3 Qc7 15. h3 f5 16. f4 Bf6 17. Rad1 Be6 18. Qf2 Bxa2 19. Bxa7 Bb3 20. Rd2 Rfe8 21. Bb5 Re6 22. Bd4 Bxd4 23. Qxd4 Ra5 24. c4 Re4 25. Qd7 Qxd7 26. Rxd7 Bxc4 27. Bxc4 Rxc4 28. Rxb7 Rd5 29. Re1 Rd8 30. Ree7 Rf8 31. g3 Rc2 32. Rec7 Rxc7 33. Rxc7 Rb8 34. Rc2 Rb3 35. Kf2 Kg7 36. Re2 Kf6 37. Kg2 h6 38. Rc2 g5 39. fxg5+ hxg5 40. Rf2 Ke5 41. Re2+ Kd5 42. Rf2 Ke4 43. Re2+ Kd3 44. Rf2 Ke4 45. Re2+ Kd4 46. Rf2 Ke5 47. Re2+ Kf6 48. Rf2 Kg6 49. Kh2 Rb4 50. Kg2 f4 51. gxf4 gxf4 52. Kh2 Kf5 53. Rc2 Rb3 54. Kg2 Kg5 55. Rf2 f6 56. Kh2 Rb4 57. Kg2 Kh4 58. Rc2 Rb3 59. Rc4 Kg5 60. Rc2 Rg3+ 61. Kh2 Kh4 62. Rc4 Rxh3+ 63. Kg2 Rg3+ 64. Kf2 Kg4 65. b4 Rb3 66. Rc6 Rb2+ 67. Ke1 f5 68. Rb6 f3 69. b5 f2+ 70. Kf1 Kf3 71. Rc6 Rb1+ 0-1

[Event "Swiss Queens Wed #6"]
[Site "FIDE Online Arena INT"]
[Date "2024.03.06"]
[Round "1"]
[White "Bubnova, Uliana"]
[Black "Ismayil, Malak"]
[Result "0-1"]
[WhiteElo "1844"]
[BlackElo "2200"]
[PlyCount "136"]
[EventDate "2024.03.06"]
[EventType "swiss (blitz)"]
[EventRounds "11"]
[EventCountry "NET"]
[SourceTitle "CB11_2024"]
[SourceDate "2024.03.13"]
[SourceVersion "1"]
[SourceVersionDate "2024.03.13"]
[SourceQuality "1"]

1. e4 e5 2. Nf3 Nc6 3. Bc4 Bc5 4. 0-0 Nf6 5. d4 Bxd4 6. Nxd4 Nxd4 7. f4 Qe7 8. fxe5 Qxe5 9. Bd3 d6 10. Bf4 Qh5 11. Qd2 Bd7 12. Nc3 0-0-0 13. Be3 Nc6 14. Be2 Bg4 15. h3 Bxe2 16. Nxe2 Nxe4 17. Qd3 Nf6 18. Nd4 Nxd4 19. Qxd4 Qc5 20. Qd2 Qc6 21. a4 a6 22. b4 Qd5 23. Qe2 Rhe8 24. b5 a5 25. Qf2 Qe4 26. Rae1 Qxa4 27. Qd2 Qb4 28. c3 Qxb5 29. Rb1 Qe5 30. Bd4 Qe2 31. Qg5 b6 32. Rf2 Qe4 33. Qb5 Qd5 34. Qa6+ Qb7 35. Qd3 Re6 36. Rfb2 Rde8 37. Qc4 Re1+ 38. Kh2 Rxb1 39. Rxb1 d5 40. Qb5 Re6 41. c4 Qc6 42. Qa6+ Kd7 43. cxd5 Nxd5 44. Qd3 Qd6+ 45. Kh1 g6 46. Rd1 f5 47. Qb5+ Qc6 48. Qd3 Re4 49. Qg3 Qd6 50. Qg5 Qe6 51. Bf2 Re2 52. Bg3 Qe4 53. Bh4 Kc8 54. Qd8+ Kb7 55. Qxd5+ Qxd5 56. Rxd5 a4 57. Rd3 b5 58. Bf6 b4 59. Rd4 c5 60. Rc4 Kc6 61. Bd4 Kd5 62. Rxc5+ Kxd4 63. Ra5 a3 64. Rb5 Kc3 65. Rc5+ Kb3 66. Rb5 a2 67. Ra5 Re1+ 68. Kh2 a1Q 0-1

[Event "Swiss Queens Wed #6"]
[Site "FIDE Online Arena INT"]
[Date "2024.03.06"]
[Round "2"]
[White "Ismayil, Malak"]
[Black "Papp, Petra"]
[Result "0-1"]
[WhiteElo "2200"]
[BlackElo "2267"]
[PlyCount "42"]
[EventDate "2024.03.06"]
[EventType "swiss (blitz)"]
[EventRounds "11"]
[EventCountry "NET"]
[SourceTitle "CB11_2024"]
[SourceDate "2024.03.13"]
[SourceVersion "1"]
[SourceVersionDate "2024.03.13"]
[SourceQuality "1"]

1. e4 c6 2. d4 d5 3. Nc3 dxe4 4. Nxe4 Bf5 5. Ng3 Bg6 6. h4 h6 7. h5 Bh7 8. Nf3 e6 9. Bd3 Bxd3 10. Qxd3 Nf6 11. Bd2 Be7 12. 0-0-0 c5 13. Be3 Nc6 14. dxc5 Qa5 15. Qb3 0-0 16. a3 Bxc5 17. Bxc5 Qxc5 18. Rd2 a5 19. Rhd1 a4 20. Qd3 Na5 21. Qd4 Nb3+ 0-1

[Event "Swiss Queens Wed #6"]
[Site "FIDE Online Arena INT"]
[Date "2024.03.06"]
[Round "9"]
[White "Michelle, Catherina P"]
[Black "Ismayil, Malak"]
[Result "0-1"]
[WhiteElo "2164"]
[BlackElo "2200"]
[PlyCount "64"]
[EventDate "2024.03.06"]
[EventType "swiss (blitz)"]
[EventRounds "11"]
[EventCountry "NET"]
[SourceTitle "CB11_2024"]
[SourceDate "2024.03.13"]
[SourceVersion "1"]
[SourceVersionDate "2024.03.13"]
[SourceQuality "1"]

1. d4 d5 2. Nc3 Nf6 3. Bf4 e6 4. Nb5 Na6 5. e3 c6 6. Nc3 Bb4 7. Bxa6 bxa6 8. Nf3 Ne4 9. Qd3 a5 10. a3 Bxc3+ 11. bxc3 Qb6 12. 0-0 Ba6 13. Qd1 Bxf1 14. Qxf1 Nxc3 15. Bd6 Ne4 16. Rb1 Qd8 17. Bf4 0-0 18. Qa6 Qc8 19. Qxa5 c5 20. c3 cxd4 21. cxd4 Qc2 22. Qe1 Nc3 23. Rb7 Ne2+ 24. Kh1 Nxf4 25. exf4 Rac8 26. g3 Rc7 27. Rxc7 Qxc7 28. Ne5 Rc8 29. Qb4 f6 30. Nf3 Qc3 31. Qxc3 Rxc3 32. Kg2 Rxa3 0-1